[Event "Corus C"]
[Site "Wijk aan Zee NED"]
[Date "2008.01.14"]
[Round "3"]
[White "Peng Zhaoqin"]
[Black "Braun, A."]
[Result "0-1"]
[WhiteElo "2461"]
[BlackElo "2536"]
[PlyCount "72"]
[EventDate "2008.01.12"]

1. d4 Nf6 2. c4 c5 3. d5 b5 4. a4 bxc4 5. Nc3 d6 6. e4 g6 7. Bxc4 Bg7 8. Bb5+
Bd7 9. Nf3 O-O 10. h3 Bxb5 11. axb5 Ne8 12. O-O Nc7 13. Qe2 Nd7 14. Bf4 Nb6 15.
Rfd1 Qd7 16. Ra5 Rfb8 17. e5 Rb7 18. Bg3 Rd8 19. Qe4 Nc8 20. b4 cxb4 21. Qxb4
Nb6 22. Qb3 dxe5 23. Bxe5 Ncxd5 24. Bxg7 Kxg7 25. Ne5 Qf5 26. Nc6 Rd6 27. Nxd5
Nxd5 28. Rxa7 Rxa7 29. Nxa7 Rf6 30. Qb2 Nf4 31. f3 Nxh3+ 32. gxh3 Qxf3 33. Ra1
Qg3+ 34. Qg2 Qe3+ 35. Kh1 Rf2 36. Qg4 Qe5 0-1

[Event "Corus C"]
[Site "Wijk aan Zee NED"]
[Date "2008.01.14"]
[Round "3"]
[White "Reinderman, D."]
[Black "Grivas, E."]
[Result "1/2-1/2"]
[WhiteElo "2533"]
[BlackElo "2509"]
[PlyCount "101"]
[EventDate "2008.01.12"]

1. c4 g6 2. Nc3 Bg7 3. d4 d6 4. e4 Nd7 5. Be3 e5 6. d5 Bh6 7. Bxh6 Nxh6 8. Qd2
Ng4 9. f3 Ngf6 10. Bd3 Nh5 11. Nge2 Qf6 12. h4 h6 13. O-O-O a5 14. Bc2 Ke7 15.
Kb1 Nf4 16. Nc1 Nc5 17. Rdf1 Bd7 18. g3 Nh5 19. N1e2 g5 20. hxg5 hxg5 21. Rf2
Rh6 22. Rhf1 Bh3 23. Re1 Bd7 24. Ref1 Rg8 25. f4 gxf4 26. gxf4 Rh7 27. fxe5
Qxe5 28. Nd4 Ng3 29. Re1 Rh1 30. Nf3 Qh5 31. e5 Kd8 32. exd6 cxd6 33. Nd4 Rxe1+
34. Qxe1 Qe5 35. Qd1 f5 36. Nce2 Nge4 37. Rf1 Rg2 38. a3 a4 39. Nf3 Qg7 40.
Nfd4 Qg5 41. Bxe4 Nxe4 42. Nf4 Rf2 43. Nfe6+ Bxe6 44. Nxe6+ Ke7 45. Rxf2 Nxf2
46. Qxa4 Qg1+ 47. Ka2 Nd3 48. Qa8 Nc1+ 49. Kb1 Nb3+ 50. Ka2 Nc1+ 51. Kb1
1/2-1/2

[Event "Corus C"]
[Site "Wijk aan Zee NED"]
[Date "2008.01.17"]
[Round "5"]
[White "Van der Werf, M."]
[Black "Van der Wiel, J."]
[Result "1/2-1/2"]
[WhiteElo "2389"]
[BlackElo "2490"]
[PlyCount "40"]
[EventDate "2008.01.12"]

1. Nf3 Nf6 2. c4 b6 3. g3 c5 4. Bg2 Bb7 5. Nc3 g6 6. O-O Bg7 7. d4 cxd4 8. Qxd4
d6 9. Rd1 Nbd7 10. Be3 Rc8 11. b3 O-O 12. Qh4 a6 13. Rac1 Rc7 14. Bh3 Bxf3 15.
exf3 Qb8 16. g4 e6 17. g5 Ne8 18. Bd4 Ne5 19. Qg3 Rc8 20. f4 Nc6 1/2-1/2

[Event "Corus C"]
[Site "Wijk aan Zee NED"]
[Date "2008.01.17"]
[Round "5"]
[White "Reinderman, D."]
[Black "Carlsson, P."]
[Result "1-0"]
[WhiteElo "2533"]
[BlackElo "2501"]
[PlyCount "133"]
[EventDate "2008.01.12"]

1. e4 c5 2. Nf3 d6 3. d4 Nf6 4. Nc3 cxd4 5. Nxd4 g6 6. Bc4 Bg7 7. O-O O-O 8.
Re1 Nc6 9. h3 Bd7 10. Nf3 Na5 11. Bf1 Rc8 12. a4 Be6 13. Bg5 h6 14. Be3 b6 15.
Ba6 Ra8 16. Qe2 Bc8 17. Rad1 Bxa6 18. Qxa6 Qc8 19. Qb5 Rd8 20. Bd4 e6 21. Re2
a6 22. Qd3 Nc4 23. Rb1 Nh5 24. Nd2 b5 25. Nxc4 Qxc4 26. Bxg7 Kxg7 27. axb5 axb5
28. Nxb5 Qxd3 29. cxd3 Rab8 30. Nd4 Rb6 31. g3 Rc8 32. Kf1 Rb4 33. Rc2 Ra8 34.
Rc4 Rb7 35. Rc6 Rab8 36. Rxd6 Rxb2 37. Rxb2 Rxb2 38. e5 g5 39. Nc6 Kg6 40. Kg2
Ng7 41. Ne7+ Kh7 42. Rd7 Rc2 43. g4 h5 44. Rd8 h4 45. Ng8 Re2 46. d4 Rd2 47.
Nf6+ Kg6 48. Rg8 Kh6 49. Rh8+ Kg6 50. Rd8 Kh6 51. Ne4 Rd3 52. f3 Kg6 53. Kf2
Ra3 54. Nf6 Ra2+ 55. Ke3 Rh2 56. Rg8 Kh6 57. Rh8+ Kg6 58. Nd7 Nf5+ 59. gxf5+
exf5 60. Rg8+ Kh6 61. d5 Rxh3 62. e6 fxe6 63. dxe6 Rh1 64. Kd2 Rh2+ 65. Kd3 Rh1
66. e7 Re1 67. e8=Q 1-0

[Event "Corus C"]
[Site "Wijk aan Zee NED"]
[Date "2008.01.17"]
[Round "5"]
[White "Ruijgrok, D."]
[Black "Braun, A."]
[Result "1/2-1/2"]
[WhiteElo "2329"]
[BlackElo "2536"]
[PlyCount "116"]
[EventDate "2008.01.12"]

1. e4 c6 2. d4 d5 3. Nc3 dxe4 4. Nxe4 Bf5 5. Ng3 Bg6 6. h4 h6 7. Nf3 Nd7 8. h5
Bh7 9. Bd3 Bxd3 10. Qxd3 e6 11. Bf4 Qa5+ 12. Bd2 Qa4 13. Rh4 Be7 14. Rf4 Bd6
15. Rh4 Qb5 16. Qxb5 cxb5 17. Ne4 Be7 18. Rh1 Rc8 19. c3 Nb6 20. Ne5 Nf6 21.
Nxf6+ Bxf6 22. Nd3 O-O 23. f4 Rfd8 24. g4 Nc4 25. Ke2 b4 26. Rag1 Nxb2 27. Nxb4
Be7 28. Nd3 Na4 29. Rc1 Ba3 30. g5 Bxc1 31. Rxc1 f6 32. gxh6 gxh6 33. f5 exf5
34. Nf4 Kf7 35. Ng6 b5 36. Ke3 Re8+ 37. Kd3 b4 38. Rb1 bxc3 39. Rb7+ Ke6 40.
Bxh6 c2 41. Bc1 f4 42. Nxf4+ Kf5 43. Nd5 Nc5+ 44. dxc5 Rcd8 45. Kxc2 Rxd5 46.
Ba3 Kg5 47. Kc3 f5 48. Kc4 Rd1 49. c6 Kxh5 50. Rxa7 Kg6 51. c7 f4 52. Bc5 Kf5
53. Rb7 Rc8 54. Kb5 Rd7 55. Kc6 Ke6 56. a4 f3 57. a5 Rd5 58. a6 Rxc5+ 1/2-1/2

[Event "Corus C"]
[Site "Wijk aan Zee NED"]
[Date "2008.01.18"]
[Round "6"]
[White "Li Shilong"]
[Black "Van der Werf, M."]
[Result "0-1"]
[WhiteElo "2502"]
[BlackElo "2389"]
[PlyCount "110"]
[EventDate "2008.01.12"]

1. d4 d5 2. c4 e6 3. Nf3 c6 4. Qc2 Nf6 5. Bg5 Qa5+ 6. Bd2 Qd8 7. g3 Be7 8. Bg2
O-O 9. O-O Ne4 10. Bf4 g5 11. Bc1 f5 12. b3 Bd7 13. Ne5 Be8 14. Nd2 Nxd2 15.
Qxd2 Nd7 16. Nd3 Bf7 17. Bb2 Bf6 18. Rad1 Qb6 19. Kh1 Rad8 20. c5 Qc7 21. f3
Bg6 22. Rfe1 Be7 23. b4 Rf7 24. a4 h5 25. e4 fxe4 26. fxe4 Rdf8 27. exd5 exd5
28. Ne5 Nxe5 29. dxe5 Bf5 30. e6 Rh7 31. Be5 Qd8 32. Bd6 Rg7 33. Be5 Rg6 34.
Bf3 g4 35. Bg2 Rxe6 36. Bc3 Bg5 37. Qb2 Qe7 38. Rxe6 Qxe6 39. Re1 Be4 40. Kg1
a6 41. Qa2 Re8 42. Ba1 Bh6 43. Qb2 Kh7 44. Qd4 Qe7 45. Bxe4+ dxe4 46. Rd1 Bg5
47. Qc3 Rf8 48. Qc2 Rf3 49. Kg2 Be3 50. Qc3 Qf8 51. Rd7+ Kh6 52. Rd6+ Kg5 53.
h4+ gxh3+ 54. Kxh3 Qf5+ 55. Kh2 Rf2+ 0-1

[Event "Corus C"]
[Site "Wijk aan Zee NED"]
[Date "2008.01.18"]
[Round "6"]
[White "Van der Wiel, J."]
[Black "Ruijgrok, D."]
[Result "1/2-1/2"]
[WhiteElo "2490"]
[BlackElo "2329"]
[PlyCount "94"]
[EventDate "2008.01.12"]

1. e4 e5 2. Nf3 Nc6 3. d4 exd4 4. Nxd4 Bc5 5. Nb3 Bb6 6. a4 a6 7. Nc3 d6 8. Nd5
Ba7 9. Be3 Bxe3 10. Nxe3 Nf6 11. Bd3 O-O 12. O-O Re8 13. f3 Be6 14. c4 a5 15.
Rf2 Qb8 16. Rc1 Qa7 17. Nd5 Bxd5 18. cxd5 Nb4 19. Bb5 Re7 20. Qd4 Qxd4 21. Nxd4
g6 22. Rd2 Rc8 23. Nc2 Nxc2 24. Rdxc2 Nh5 25. Kf2 g5 26. Rc3 Kg7 27. Rb3 Nf6
28. Bf1 Rb8 29. Ba6 b6 30. Rbc3 Ra8 31. Bb5 Ra7 32. R3c2 h6 33. g4 Nh7 34. Ke3
Nf8 35. h4 Ng6 36. h5 Nf4 37. Kd4 Kf6 38. Bc6 Nh3 39. Re1 Nf4 40. Re3 Nh3 41.
Bb5 Re5 42. Bf1 Nf4 43. Rec3 Re7 44. Rc6 Kg7 45. R2c3 Kf6 46. Re3 Re5 47. Rec3
Re7 1/2-1/2

[Event "Corus C"]
[Site "Wijk aan Zee NED"]
[Date "2008.01.19"]
[Round "7"]
[White "Reinderman, D."]
[Black "Van der Wiel, J."]
[Result "1/2-1/2"]
[WhiteElo "2533"]
[BlackElo "2490"]
[PlyCount "32"]
[EventDate "2008.01.12"]

1. e4 c5 2. Ne2 d6 3. d4 cxd4 4. Nxd4 Nf6 5. Nc3 Nc6 6. h3 e6 7. g4 d5 8. Bb5
Bd7 9. exd5 Nxd5 10. Nxd5 exd5 11. Nb3 h5 12. g5 Qe7+ 13. Qe2 O-O-O 14. c3 a6
15. Bd3 Ne5 16. Be3 Nxd3+ 1/2-1/2

[Event "Corus C"]
[Site "Wijk aan Zee NED"]
[Date "2008.01.19"]
[Round "7"]
[White "Grivas, E."]
[Black "Braun, A."]
[Result "1-0"]
[WhiteElo "2509"]
[BlackElo "2536"]
[PlyCount "47"]
[EventDate "2008.01.12"]

1. d4 d5 2. c4 c6 3. Nf3 Nf6 4. Nbd2 Bg4 5. Ne5 Bf5 6. e3 e6 7. g4 Bg6 8. h4
dxc4 9. Bxc4 Be4 10. Nxf7 Kxf7 11. Nxe4 Nxe4 12. Qf3+ Nf6 13. g5 Bb4+ 14. Ke2
Nbd7 15. a3 Be7 16. Qf5 Nf8 17. gxf6 Bxf6 18. Bd2 Qb6 19. h5 Re8 20. Bb4 a6 21.
Rag1 Rg8 22. Rg3 Qd8 23. Rhg1 Qb6 24. h6 1-0

[Event "Corus C"]
[Site "Wijk aan Zee NED"]
[Date "2008.01.19"]
[Round "7"]
[White "Ruijgrok, D."]
[Black "Li Shilong"]
[Result "1/2-1/2"]
[WhiteElo "2329"]
[BlackElo "2502"]
[PlyCount "98"]
[EventDate "2008.01.12"]

1. e4 c5 2. Nf3 Nc6 3. d4 cxd4 4. Nxd4 Nf6 5. Nc3 d6 6. g3 Bg4 7. f3 Bd7 8. Bg2
g6 9. Be3 Bg7 10. O-O O-O 11. Nb3 Ne5 12. Qe2 a6 13. a4 Rc8 14. Nd2 Be6 15.
Rfd1 Qa5 16. Nb3 Qb4 17. Rd4 Rc4 18. Rdd1 Rcc8 19. Rd4 Qb6 20. Rdd1 Qc7 21. a5
Nc4 22. Bc1 Nd7 23. Nd4 Bxd4+ 24. Rxd4 Nxa5 25. f4 Qb6 26. Qf2 Nf6 27. h3 Nc6
28. Rd2 Qxf2+ 29. Rxf2 Rfd8 30. g4 Bd7 31. Be3 h5 32. g5 Nh7 33. Nd5 Be6 34.
Nb6 Rb8 35. c3 Nf8 36. b4 Re8 37. Rd2 Nd7 38. Nd5 Rbc8 39. Bf1 Rf8 40. Kh2 f5
41. gxf6 Nxf6 42. Bg2 Kf7 43. Nb6 Rc7 44. Nd5 Bxd5 45. exd5 Nb8 46. Bd4 Nbd7
47. Bf3 Re8 48. Rg2 Rg8 49. Rag1 Rcc8 1/2-1/2

[Event "Corus C"]
[Site "Wijk aan Zee NED"]
[Date "2008.01.19"]
[Round "7"]
[White "Peng Zhaoqin"]
[Black "Nijboer, F."]
[Result "1/2-1/2"]
[WhiteElo "2461"]
[BlackElo "2578"]
[PlyCount "58"]
[EventDate "2008.01.12"]

1. d4 d6 2. Nf3 g6 3. c4 f5 4. Nc3 Nf6 5. g3 Bg7 6. Bg2 O-O 7. O-O c6 8. Qb3
Kh8 9. Rd1 Na6 10. a4 Rb8 11. Qa3 Be6 12. d5 Bg8 13. b4 cxd5 14. cxd5 Ne4 15.
Bb2 Qb6 16. Nxe4 fxe4 17. Bxg7+ Kxg7 18. Qc3+ Rf6 19. Ng5 Qxb4 20. Qe3 Nc5 21.
Nxe4 Nxe4 22. Bxe4 Qc5 23. Rd4 Rc8 24. Bf3 Rc7 25. Rad1 b6 26. h4 Qc3 27. R4d3
Qb4 28. Rd4 Qc3 29. R4d3 Qc5 1/2-1/2

[Event "Corus C"]
[Site "Wijk aan Zee NED"]
[Date "2008.01.20"]
[Round "8"]
[White "Van der Wiel, J."]
[Black "Grivas, E."]
[Result "1-0"]
[WhiteElo "2490"]
[BlackElo "2509"]
[PlyCount "57"]
[EventDate "2008.01.12"]

1. e4 c5 2. Nf3 Nc6 3. d4 cxd4 4. Nxd4 Qb6 5. Nb3 Nf6 6. Nc3 e6 7. Bd3 d6 8.
Be3 Qc7 9. f4 a6 10. Qf3 Be7 11. O-O-O Nd7 12. Qf2 b5 13. g4 Nb4 14. Kb1 Bb7
15. Rhg1 Rc8 16. g5 Nxd3 17. cxd3 Nc5 18. Nxc5 dxc5 19. f5 c4 20. f6 gxf6 21.
gxf6 Bf8 22. dxc4 b4 23. Na4 b3 24. axb3 Bxe4+ 25. Ka2 Bb4 26. Bb6 Qe5 27. Qe3
h5 28. Bd4 Qf5 29. Rdf1 1-0

[Event "Corus C"]
[Site "Wijk aan Zee NED"]
[Date "2008.01.20"]
[Round "8"]
[White "Nijboer, F."]
[Black "Van der Werf, M."]
[Result "0-1"]
[WhiteElo "2578"]
[BlackElo "2389"]
[PlyCount "120"]
[EventDate "2008.01.12"]

1. e4 e5 2. Nf3 Nc6 3. Bb5 a6 4. Ba4 Nf6 5. O-O Be7 6. Re1 b5 7. Bb3 d6 8. c3
O-O 9. h3 Re8 10. Ng5 Rf8 11. d4 Bb7 12. Nf3 Re8 13. Nbd2 Bf8 14. Bc2 g6 15. a3
Bg7 16. d5 Nb8 17. c4 c6 18. b3 Qc7 19. a4 bxc4 20. bxc4 Rc8 21. Bd3 a5 22. Bf1
Na6 23. Ra3 Nc5 24. Ra2 Ba6 25. Ba3 Nfd7 26. Nb1 cxd5 27. cxd5 Bxf1 28. Kxf1
Qb6 29. Kg1 Qa6 30. Rc2 Nd3 31. Rxc8+ Rxc8 32. Qe2 Qc4 33. Rd1 Nb4 34. Qxc4
Rxc4 35. Nfd2 Rd4 36. Bb2 Rd3 37. Nc3 Nc5 38. Nc4 Rxd1+ 39. Nxd1 Nxe4 40. Nxa5
Nc5 41. Ba3 Nbd3 42. Nc6 Nxa4 43. Bxd6 f6 44. Be7 Kf7 45. Ne3 Nb6 46. g3 Bf8
47. d6 Nc5 48. Ng4 Bxe7 49. dxe7 Nd5 50. Nh6+ Ke8 51. Ng8 Ne6 52. g4 Nd4 53.
Nxd4 exd4 54. h4 Kf7 55. g5 fxg5 56. hxg5 Nxe7 57. Nf6 h5 58. Kg2 Ke6 59. f4
Nd5 60. f5+ Ke5 0-1

[Event "Corus C"]
[Site "Wijk aan Zee NED"]
[Date "2008.01.20"]
[Round "8"]
[White "Li Shilong"]
[Black "Reinderman, D."]
[Result "0-1"]
[WhiteElo "2502"]
[BlackElo "2533"]
[PlyCount "96"]
[EventDate "2008.01.12"]

1. d4 f5 2. Nf3 Nf6 3. c4 g6 4. g3 Bg7 5. Bg2 O-O 6. O-O d6 7. Nc3 Qe8 8. d5 a5
9. Ne1 Na6 10. Nd3 Bd7 11. Bd2 c6 12. a3 e5 13. dxe6 Bxe6 14. Na4 Bxc4 15. Nb6
Bxd3 16. exd3 Rb8 17. Bxa5 Nd7 18. Rb1 Bd4 19. Nxd7 Qxd7 20. Bd2 d5 21. a4 Nc5
22. b4 Ne6 23. b5 Qd6 24. Kh1 f4 25. a5 Rbe8 26. bxc6 bxc6 27. Bb4 Bc5 28. Bd2
Bd4 29. Qg4 Rf6 30. Rfe1 Ref8 31. Bh3 Nc5 32. Bxf4 Nxd3 33. Bxd6 Nxf2+ 34. Kg2
Nxg4 35. Bf4 h5 36. a6 Ra8 37. Rb7 Rxa6 38. Bxg4 hxg4 39. Bh6 Rf2+ 40. Kh1 Ra1
41. Rxa1 Bxa1 42. Rb8+ Kh7 43. Be3 Re2 44. Bc5 Rc2 45. Bg1 d4 46. Rd8 c5 47.
Rd5 Kg7 48. Rd6 Kf7 0-1

[Event "Corus C"]
[Site "Wijk aan Zee NED"]
[Date "2008.01.22"]
[Round "9"]
[White "Ruijgrok, D."]
[Black "Nijboer, F."]
[Result "0-1"]
[WhiteElo "2329"]
[BlackElo "2578"]
[PlyCount "128"]
[EventDate "2008.01.12"]

1. e4 c5 2. Nf3 Nc6 3. d4 cxd4 4. Nxd4 Nf6 5. Nc3 d6 6. g3 e6 7. Bg2 Bd7 8. O-O
Be7 9. Re1 O-O 10. Ndb5 Qb8 11. Bg5 a6 12. Bxf6 gxf6 13. Nd4 Nxd4 14. Qxd4 Qa7
15. Qd2 Rfd8 16. Nd1 Rac8 17. Ne3 b5 18. c3 Bc6 19. Rad1 Bf8 20. Ng4 Qe7 21.
Qf4 Bg7 22. Rd3 a5 23. Red1 Kf8 24. Rxd6 Rxd6 25. Rxd6 h5 26. Ne3 Qc7 27. Nc2
Ke7 28. Rd1 Qxf4 29. gxf4 Bh6 30. f5 Rg8 31. f3 exf5 32. Nd4 Be3+ 33. Kf1 Bxd4
34. Rxd4 fxe4 35. fxe4 f5 36. Kf2 Rg5 37. Bf3 fxe4 38. Bxe4 Bd7 39. Rd5 f6 40.
Bf3 Rxd5 41. Bxd5 Kd6 42. Bf7 h4 43. Ke3 Ke5 44. Bg8 f5 45. Bf7 Bc6 46. Bg8 f4+
47. Kf2 Bd5 48. Bxd5 Kxd5 49. Kf3 Ke5 50. b3 a4 51. h3 Kf5 52. bxa4 bxa4 53. c4
Ke5 54. Kg4 Kd4 55. Kxf4 Kxc4 56. Ke3 Kc3 57. Ke2 Kb2 58. Kd2 Kxa2 59. Kc3 Ka3
60. Kc2 Kb4 61. Kb2 Kc4 62. Ka3 Kd4 63. Kxa4 Ke4 64. Kb3 Kf4 0-1

[Event "Corus C"]
[Site "Wijk aan Zee NED"]
[Date "2008.01.23"]
[Round "10"]
[White "Peng Zhaoqin"]
[Black "Van der Werf, M."]
[Result "1/2-1/2"]
[WhiteElo "2461"]
[BlackElo "2389"]
[PlyCount "92"]
[EventDate "2008.01.12"]

1. d4 d5 2. c4 e6 3. Nf3 c6 4. Nbd2 Nf6 5. b3 Bd6 6. e3 Nbd7 7. Bb2 Qe7 8. Ne5
Ne4 9. Nxe4 dxe4 10. a3 O-O 11. Qc2 f5 12. Be2 Qf6 13. Nxd7 Bxd7 14. O-O-O Qe7
15. c5 Bc7 16. f3 Qg5 17. f4 Qh4 18. g3 Qh3 19. Rdg1 Be8 20. Qc3 Bh5 21. g4
Bxg4 22. Bxg4 fxg4 23. d5 Rf6 24. Rg3 Qh5 25. Rhg1 Rg6 26. d6 Bd8 27. h3 Bf6
28. hxg4 Qd5 29. Qc2 b6 30. Rd1 Qxc5 31. Qxc5 bxc5 32. g5 h6 33. gxf6 Rxg3 34.
fxg7 Rd8 35. d7 Rxg7 36. Bxg7 Kxg7 37. Kc2 Kf7 38. Kc3 Ke7 39. Kc4 Rxd7 40. Rh1
Rd3 41. Rh3 a5 42. a4 Kd7 43. Kxc5 Rxb3 44. Kd4 Kd6 45. Kxe4 Rb4+ 46. Kd3 Rxa4
1/2-1/2

[Event "Corus C"]
[Site "Wijk aan Zee NED"]
[Date "2008.01.23"]
[Round "10"]
[White "Van der Wiel, J."]
[Black "Carlsson, P."]
[Result "1/2-1/2"]
[WhiteElo "2490"]
[BlackElo "2501"]
[PlyCount "47"]
[EventDate "2008.01.12"]

1. e4 c5 2. Nf3 d6 3. d4 cxd4 4. Nxd4 Nf6 5. Nc3 g6 6. Be3 Bg7 7. f3 O-O 8. Qd2
Nc6 9. O-O-O d5 10. exd5 Nxd5 11. Nxc6 bxc6 12. Bd4 e5 13. Bc5 Be6 14. Ne4 Re8
15. h4 h6 16. g4 Qc7 17. g5 h5 18. Rh2 Red8 19. Qe1 Rd7 20. Ba3 Rad8 21. Rhd2
Nf4 22. Rxd7 Rxd7 23. Rxd7 Qxd7 24. b3 1/2-1/2

[Event "Corus C"]
[Site "Wijk aan Zee NED"]
[Date "2008.01.25"]
[Round "11"]
[White "Braun, A."]
[Black "Van der Wiel, J."]
[Result "1/2-1/2"]
[WhiteElo "2536"]
[BlackElo "2490"]
[PlyCount "43"]
[EventDate "2008.01.12"]

1. Nf3 Nf6 2. d4 e6 3. e3 b6 4. Bd3 Bb7 5. O-O c5 6. c4 g6 7. d5 exd5 8. cxd5
Nxd5 9. Be4 Nxe3 10. Bxe3 Bxe4 11. Nc3 Bf5 12. Qd5 Nc6 13. Ne5 Be6 14. Nxc6
Bxd5 15. Nxd8 Bc4 16. Bg5 Rxd8 17. Rfe1+ Be6 18. Nd5 Rc8 19. Nf6+ Kd8 20. Nd5+
Ke8 21. Nf6+ Kd8 22. Nd5+ 1/2-1/2

[Event "Corus C"]
[Site "Wijk aan Zee NED"]
[Date "2008.01.25"]
[Round "11"]
[White "Grivas, E."]
[Black "Nijboer, F."]
[Result "1/2-1/2"]
[WhiteElo "2509"]
[BlackElo "2578"]
[PlyCount "74"]
[EventDate "2008.01.12"]

1. d4 Nf6 2. c4 g6 3. Nc3 Bg7 4. e4 d6 5. Nf3 O-O 6. h3 e5 7. dxe5 dxe5 8. Qxd8
Rxd8 9. Bg5 Na6 10. Nd5 Rd6 11. Bxf6 Bxf6 12. Rc1 b6 13. b4 Bd8 14. a3 c6 15.
Ne3 c5 16. b5 Nc7 17. Nxe5 Bb7 18. Be2 Bg5 19. Rc3 Bxe4 20. Bf3 Bxf3 21. Nxf3
Bxe3 22. Rxe3 a6 23. bxa6 Rxa6 24. O-O Ne6 25. Rb1 Nd4 26. Nxd4 Rxd4 27. Rc3
Kg7 28. Kf1 h5 29. Ke2 h4 30. Rbb3 f5 31. Rb5 Kh6 32. Rb2 Kg5 33. Rd2 Ra4 34.
Rxd4 cxd4 35. Rb3 Rxc4 36. Kd3 Ra4 37. Rxb6 Rxa3+ 1/2-1/2

[Event "Corus C"]
[Site "Wijk aan Zee NED"]
[Date "2008.01.25"]
[Round "11"]
[White "Ruijgrok, D."]
[Black "Peng Zhaoqin"]
[Result "0-1"]
[WhiteElo "2329"]
[BlackElo "2461"]
[PlyCount "142"]
[EventDate "2008.01.12"]

1. e4 e6 2. d4 d5 3. Nd2 c5 4. exd5 exd5 5. Ngf3 Nf6 6. Bb5+ Bd7 7. Bxd7+ Nbxd7
8. O-O Be7 9. dxc5 Nxc5 10. Nb3 Nce4 11. Nfd4 Qd7 12. Qf3 O-O 13. Nf5 Bd8 14.
Be3 Re8 15. Rfd1 Rc8 16. c3 a5 17. Nbd4 h5 18. Ng3 g6 19. h3 b5 20. a3 Nd6 21.
Bg5 Nfe4 22. Bxd8 Rcxd8 23. Nxe4 dxe4 24. Qe2 Qb7 25. a4 bxa4 26. Rxa4 Qb6 27.
Rda1 Re5 28. R1a3 Nf5 29. Rb3 Qf6 30. Nxf5 Qxf5 31. Rd4 Rxd4 32. cxd4 Rd5 33.
Qe3 Kg7 34. Rc3 Qf6 35. Rc4 Rb5 36. Qc3 Rd5 37. Rc6 Qxd4 38. Qa3 Rf5 39. Qc3
Rd5 40. Qxd4+ Rxd4 41. Ra6 a4 42. Rb6 h4 43. Kf1 f5 44. Ke2 Kh6 45. b3 Kg5 46.
bxa4 Rxa4 47. Rb2 Kf4 48. Rb1 g5 49. Rc1 Ra2+ 50. Kf1 Ra5 51. Rb1 Ke5 52. Ke2
f4 53. Rb8 Ra2+ 54. Kf1 Ra1+ 55. Ke2 Rg1 56. Rb5+ Kf6 57. Rb6+ Kf5 58. Rb5+ Kg6
59. Rb4 e3 60. Rb6+ Kh5 61. fxe3 Rxg2+ 62. Kf1 f3 63. Rf6 Rg3 64. e4 Rxh3 65.
e5 Kg4 66. Kf2 Rh2+ 67. Ke3 Re2+ 68. Kd4 h3 69. e6 h2 70. Rh6 Kg3 71. Kd5 f2
0-1